| 000 | 00408cam a2200157ua 4500 | ||
|---|---|---|---|
| 041 |
_aeng _h |
||
| 082 |
_a030.69 _bCOR/CO |
||
| 100 | _aCorkhill, T . | ||
| 245 | 0 | 0 |
_aConcise building encyclopaedia: Illustrated / _cT Corkhill. _hTextual Documents |
| 250 |
_a3 / _b. |
||
| 260 |
_aLondon : _bSir Isaac Pitman & Sons Ltd , _c1963. |
||
| 300 | _a366 ; . | ||
| 504 | _a | ||
| 942 | _cBK | ||
| 999 |
_c8979 _d8979 |
||